000 00470nam a22001817a 4500
003 OSt
005 20260317004635.0
008 260317b |||||||| |||| 00| 0 eng d
020 _a0-671-01010-7.
040 _aDWCL Main lib
_cOC
082 _aFic. G212 1997
100 _aGarwood, Julie
245 _aOne red rose
_cJulie Garwood
260 _aNew York :
_bPocket Books,
_cc1997.
300 _a152 p. ;
_c17 cm.
650 _aFiction.
942 _2ddc
_cFIC.
_kFic.
_n0
999 _c9180
_d9180